| 000 | 00959nas a2200301 4500 | ||
|---|---|---|---|
| 001 | BR2014002427 | ||
| 003 | BR-BrBNA | ||
| 005 | 20231205123929.0 | ||
| 007 | ta | ||
| 008 | 230509b bl.|||p| |||| 00| 00por d | ||
| 040 |
_aBR-BrBNA _bpor _cBiblioteca Nacional de Agricultura |
||
| 041 | _a(Pt) | ||
| 072 | _aF04; Q04 | ||
| 100 | 1 | _aFerreira Neto, M. | |
| 100 | 1 | _aHolanda, J.S. de | |
| 100 | 1 | _aFolegatti, M.V. | |
| 100 | 1 | _aGheyi, H.R. | |
| 100 | 1 | _aPereira, W.E. | |
| 100 | 1 | _aCavalcante, L.F. | |
| 245 | 1 | _aQualidade do fruto do coqueiro anão verde em função de nitrogênio e potássio na fertirrigação | |
| 650 | _aCOCOS NUCIFERA | ||
| 650 | _aANÁLISE DE ALIMENTO | ||
| 650 | _aCOCO | ||
| 650 | _aFRUTA TROPICAL | ||
| 773 | 0 |
_tRevista Brasileira de Engenharia Agrícola e Ambiental (Brazil) _xISSN 1415-4366 _g(Sep-Oct 2007), v. 11(5) p. 453-458 _wBR2014002427 |
|
| 909 |
_a202311 _bLúcia _c55 _dLúcia Elande |
||
| 942 |
_2AGRIS _n0 _cANA |
||
| 999 |
_c236448 _d236448 |
||